Normal view
MARC view
- BIRD, ERIC
Entry Personal Name
001 - CONTROL NUMBER
- control field: 88992
003 - CONTROL NUMBER IDENTIFIER
- control field: NUST
005 - DATE AND TIME OF LATEST TRANSACTION
- control field: 20220211140418.0
008 - FIXED-LENGTH DATA ELEMENTS
- fixed length control field: 220211|| aca||aabn | a|a d
040 ## - CATALOGING SOURCE
- Original cataloging agency: NUST
- Transcribing agency: NUST
100 ## - HEADING--PERSONAL NAME
- Personal name: BIRD, ERIC
670 ## - SOURCE DATA FOUND
- Source citation: Work cat.: (NUST): BIRD, ERIC., COASTED GEOMORPHOLOGY /, 2011.
